000 00292cam a22000977a 4500
008 180718b1995 xxu||||| |||| 00| 0 eng d
100 _aBrahamverchasva
245 _aGayatri sadhana ka guyaa vivechan
_cedited by Brahamverchasva
260 _aMathura
_bAkhand Jyoti Sansthan
_c1995
300 _aV.P.
999 _c440443
_d440443